00648nam a2200229Ia 4500003000900000008004100009040001300050040001300063041000800076100001100084245001900095250001100114260001100125260000900136300001200145490000600157600002000163700001500183942000700198999001700205952019600222IT-RoPAU120407s9999 xx 000 0 und d aIT-RoPAU cIT-RoPAU afra aDaniel aHistoire Saint aParis  aFayard c1942 c18,5 cm v1 a1. Storia sacra aHenry Rops cBK c14017d14017 00102ddc406270_32000000000000071aPAULUSbPAULUSd2012-04-11l0o270.32r2012-04-11 00:00:00w2012-04-11yBKzInserito da: Mario In data: 06 agosto 2011 fondo: Via A.Severo 56 Progr:10484